00958nam a2200301 k 4500001001300000005001500013008004100028020003500069020002600104040001900130041001300149049002000162056001300182090002300195100002700218245007400245246002200319260004900341300002000390440003800410500002800448546004100476653005900517700001400576900001500590949004000605950001100645KMO20260253820260519105532260514s2021 ulk 000af kor a9788925588735g04840 :c\220001 a9788925588643(세트) a146043c1460431 akorheng0 lEM0000048993v3 a843.626 a843.6b위63앤c31 a위어, 앤디,d1972-10a프로젝트 헤일메리 /d앤디 위어 지음 ;e강동혁 옮김19aProject Hail Mary a서울 :bRHK:b알에이치코리아,c2021 a691 p. ;c21 cm00a앤디 위어 우주 3부작 ;v3 a원저자명: Andy Weir a영어 원작을 한국어로 번역 a영미소설a과학소설a프로젝트a헤일메리1 a강동혁10aWeir, Andy0 a앤디 위어 우주 삼부작 ;v30 b\22000 |
|---|